"Just the way you are" Lyrics - Bruno Mars - Statistics

General Stats
  • This quiz has been taken 2,390 times
  • The average score is 238 of 285
Answer Stats
Answer % Correct
the
99%
The
99%
a
97%
I
97%
you
96%
You
96%
Just
94%
just
94%
And
93%
and
93%
are
93%
eyes
93%
her
93%
Her
93%
way
93%
your
93%
When
92%
when
92%
not
91%
Oh
91%
amazing
89%
see
89%
Cause
88%
face
88%
so
88%
So
88%
you're
88%
change
87%
hair
87%
look
87%
she
87%
She
87%
beautiful
86%
every
86%
smile
86%
that
85%
thing
85%
would
85%
for
84%
tell
83%
There's
83%
know
82%
world
82%
like
81%
She's
81%
whole
81%
stops
80%
everyday
79%
me
79%
shinin
79%
stars
79%
girl
76%
Girl
76%
ask
75%
day
75%
say
75%
Do
74%
to
74%
it's
73%
It's
73%
they're
73%
trying
73%
perfectly
72%
stares
72%
without
72%
okay
70%
what
70%
if
69%
If
69%
awhile
68%
Falls
68%
Yeah
65%
believe
63%
don't
63%
lips
63%
never
63%
won't
63%
time
61%
But
59%
but
59%
I'll
59%
asks
58%
kiss
58%
think
58%
all
57%
I'd
55%
let
55%
them
55%
compliment
54%
could
54%
sexy
54%
makes
53%
stay
52%
laugh
51%
same
51%
Then
50%
Sad
48%
hates
46%
perfect's
46%
searching
46%
she'd
46%
asking
39%
even
39%
bother
37%
No matching quizzes found
Score Distribution
Percent of People with Each Score
Percentile by Number Answered
Your Score History
You have not taken this quiz